000 00367 a2200097 4500
245 0 0 _aLampy elektronowe - Kineskopy kolorowe Metoda pomiarunapięcia ogniskującego PN-87/T-04830.06 /
_cMin. Przem. Maszynowego.
246 1 3 _aPN-87/T-04830.06
246 1 3 _a621.385.832:621.397.331.24
260 _aWarszawa :
_bMin. Przem. Maszynowego,
_c1987.
300 _a2 stron ;
_c30 cm.
650 _aPolska norma
999 _c20896
_d20896